[Event "GER-ch U18 Girls"]
[Site "Willingen"]
[Date "2009.06.04"]
[Round "7"]
[White "Adermann, Mara"]
[Black "Stein, Simone"]
[Result "1-0"]
[WhiteElo "1704"]
[BlackElo "1351"]
[PlyCount "87"]
[EventDate "2009.05.30"]
[EventType "swiss"]
[EventRounds "9"]
[EventCountry "GER"]
[SourceTitle "CBM 130 Extra"]
[Source "ChessBase"]
[SourceDate "2009.07.02"]
[SourceVersion "2"]
[SourceVersionDate "2009.07.15"]
[SourceQuality "1"]

1. e4 c5 2. Nf3 d6 3. d4 cxd4 4. Nxd4 Nf6 5. Nc3 g6 6. f3 Bg7 7. Be3 0-0 8. Qd2 Nc6 9. 0-0-0 Bd7 10. Nxc6 bxc6 11. Bh6 Qb6 12. Bxg7 Kxg7 13. g4 Rfb8 14. b3 a5 15. a4 Qb4 16. Nb1 Qxd2+ 17. Rxd2 Rb4 18. Nc3 h6 19. h4 Nh7 20. Bc4 Rbb8 21. Rg2 Rc8 22. f4 e6 23. f5 d5 24. Bd3 g5 25. hxg5 Nxg5 26. e5 Rh8 27. f6+ Kg8 28. Rgh2 Nf3 29. Rxh6 Rxh6 30. Rxh6 Nxe5 31. Bh7+ Kf8 32. g5 Be8 33. Ne2 Nf3 34. Be4 Kg8 35. Bxf3 Rb8 36. Rh4 Rb4 37. Rxb4 axb4 38. a5 Bd7 39. a6 Bc8 40. a7 Bb7 41. Bh5 e5 42. Kd2 c5 43. Ng3 e4 44. Nf5 1-0

[Event "GER-ch U18 Girls"]
[Site "Willingen"]
[Date "2008.05.11"]
[Round "1"]
[White "Stroessner, Lena"]
[Black "Stein, Simone"]
[Result "1-0"]
[WhiteElo "1895"]
[BlackElo "1416"]
[PlyCount "67"]
[EventDate "2008.05.11"]
[EventType "swiss"]
[EventRounds "9"]
[EventCountry "GER"]
[SourceTitle "CBM 124 Extra"]
[Source "ChessBase"]
[SourceDate "2008.07.03"]
[SourceVersion "1"]
[SourceVersionDate "2008.07.03"]
[SourceQuality "1"]

1. Nf3 c5 2. e3 d6 3. d4 cxd4 4. exd4 Nf6 5. Be2 g6 6. 0-0 Bg7 7. c4 0-0 8. Nc3 d5 9. Bf4 Nc6 10. a3 e6 11. c5 a6 12. b4 Re8 13. Re1 Nh5 14. Bd6 Nxd4 15. Nxd4 Qf6 16. Bxh5 Qxd4 17. Rc1 gxh5 18. Qxd4 Bxd4 19. Nxd5 Rd8 20. Nb6 Bd7 21. Nxa8 Rxa8 22. Rcd1 Bb2 23. Rd3 Bb5 24. Rg3+ Kh8 25. h4 Rg8 26. Be5+ Bxe5 27. Rxg8+ Kxg8 28. Rxe5 Kg7 29. Kh2 Kg6 30. Kg3 Bd3 31. Rg5+ Kh6 32. Rg8 Be4 33. Kf4 Bd5 34. Ke5 1-0

[Event "GER-ch U14 Girls"]
[Site "Willingen"]
[Date "2005.05.21"]
[Round "9"]
[White "Stein, Simone"]
[Black "Billing, Tanja"]
[Result "0-1"]
[WhiteElo "1136"]
[BlackElo "1524"]
[PlyCount "96"]
[EventDate "2005.05.14"]
[EventType "swiss"]
[EventRounds "9"]
[EventCountry "GER"]
[SourceTitle "CBM 106 Extra"]
[Source "ChessBase"]
[SourceDate "2005.07.01"]
[SourceVersion "1"]
[SourceVersionDate "2005.07.01"]
[SourceQuality "1"]

1. e4 c5 2. Nf3 d6 3. d4 cxd4 4. Nxd4 Nf6 5. Nc3 g6 6. Be3 Bg7 7. Qd2 Nc6 8. Bb5 Bd7 9. Bxc6 bxc6 10. f3 0-0 11. g4 Rb8 12. Nb3 a5 13. h4 h5 14. gxh5 Nxh5 15. Bh6 c5 16. Bxg7 Kxg7 17. Nd1 a4 18. Qa5 axb3 19. Qxd8 Rfxd8 20. cxb3 Nf4 21. Ne3 Nd3+ 22. Kd2 Ne5 23. Raf1 Ra8 24. a3 Rdb8 25. Kc3 Nc6 26. Nc4 Nd4 27. Nd2 Be6 28. b4 Nb5+ 29. Kc2 cxb4 30. axb4 Rc8+ 31. Kd3 Ra2 32. Rb1 Ra4 33. Rhg1 f5 34. Rg3 fxe4+ 35. fxe4 Kh6 36. Rbg1 Bf7 37. Rf3 Be8 38. Rf8 Rxb4 39. Rg8 Nd4 40. R1xg6+ Bxg6 41. Rxc8 Ne6 42. Kc3 Ra4 43. Rc4 Ra1 44. b4 Be8 45. Rc8 Bd7 46. Rb8 Nc7 47. Rb7 Kh5 48. Rxc7 Rc1+ 0-1

[Event "GER-ch U14 Girls"]
[Site "Willingen"]
[Date "2005.05.17"]
[Round "6"]
[White "Stein, Simone"]
[Black "Knof, Henrike"]
[Result "1-0"]
[WhiteElo "1136"]
[BlackElo "1068"]
[PlyCount "79"]
[EventDate "2005.05.14"]
[EventType "swiss"]
[EventRounds "9"]
[EventCountry "GER"]
[SourceTitle "CBM 106 Extra"]
[Source "ChessBase"]
[SourceDate "2005.07.01"]
[SourceVersion "1"]
[SourceVersionDate "2005.07.01"]
[SourceQuality "1"]

1. e4 e5 2. Nf3 Nc6 3. Bb5 Bc5 4. 0-0 d6 5. h3 a6 6. Ba4 b5 7. Bb3 Nf6 8. Re1 Nd4 9. c3 Nxb3 10. Qxb3 0-0 11. d4 Bb6 12. dxe5 dxe5 13. Nxe5 Qe8 14. Nd3 Bb7 15. e5 Rd8 16. exf6 Qc6 17. Nf4 g5 18. Kh1 gxf4 19. f3 Qxf6 20. c4 bxc4 21. Qxc4 Rfe8 22. Rxe8+ Rxe8 23. Qf1 Qh4 24. Bd2 Be3 25. Bxe3 fxe3 26. Nc3 Qf2 27. Qe2 a5 28. Rf1 Qxe2 29. Nxe2 Ba6 30. Re1 c5 31. Nc3 e2 32. Kg1 h6 33. Kf2 Rb8 34. Na4 Rb4 35. Nxc5 Bb5 36. b3 Rd4 37. a4 Bd3 38. Nxd3 Rxd3 39. Rxe2 Rxb3 40. Re5 1-0

[Event "GER-ch U14 Girls"]
[Site "Willingen"]
[Date "2005.05.16"]
[Round "4"]
[White "Kinzel, Tiffany"]
[Black "Stein, Simone"]
[Result "1-0"]
[WhiteElo "1265"]
[BlackElo "1136"]
[PlyCount "53"]
[EventDate "2005.05.14"]
[EventType "swiss"]
[EventRounds "9"]
[EventCountry "GER"]
[SourceTitle "CBM 106 Extra"]
[Source "ChessBase"]
[SourceDate "2005.07.01"]
[SourceVersion "1"]
[SourceVersionDate "2005.07.01"]
[SourceQuality "1"]

1. e4 c5 2. Nc3 d6 3. f4 Nc6 4. Nf3 Bg4 5. g3 g6 6. Bg2 Bg7 7. h3 Bd7 8. d3 Nd4 9. Be3 Nxf3+ 10. Bxf3 Bc6 11. 0-0 b6 12. Qd2 Qd7 13. Bg2 e6 14. Nd1 Ne7 15. c3 e5 16. fxe5 Bxe5 17. Bf4 Bxf4 18. Qxf4 0-0 19. Ne3 d5 20. Ng4 Qe6 21. Nf6+ Kg7 22. g4 dxe4 23. dxe4 Bb5 24. Rf2 Nc6 25. g5 Qe5 26. Qh4 Rh8 27. Qh6# 1-0